| 000 | 00602nam a2200193Ia 4500 | ||
|---|---|---|---|
| 003 | Ost | ||
| 005 | 20260507075700.0 | ||
| 008 | 260507s9999||||xx |||||||||||||| ||und|| | ||
| 040 | _cfsecg | ||
| 041 | _aara | ||
| 100 |
_aعوض، عدنان _eمؤلف |
||
| 245 | 0 |
_aالرياضيات العامة و تطبقاتها الاقتصادية / _c عدنان عوض |
|
| 260 |
_aعمان: _bدار الفرقان, _c1991 |
||
| 300 | _a420 صفحة؛ | ||
| 653 | _aتفاضل وتكامل | ||
| 653 | _aرياضيات اقتصادية | ||
| 653 | _aرياضيات تحليلية | ||
| 942 | _cكتاب | ||
| 999 |
_c45797 _d45797 |
||